| 000 | 03065cam a2200493 4500500 | ||
|---|---|---|---|
| 005 | 20260111211910.0 | ||
| 041 | _afre | ||
| 042 | _adc | ||
| 100 | 1 | 0 |
_aDjedi, Youcef _eauthor |
| 245 | 0 | 0 | _a« Šarḥ al-ṣadr » et l’idée de « profession-vocation » (Beruf) en Islam |
| 260 | _c2024. | ||
| 500 | _a43 | ||
| 520 | _aUne grande difficulté, et c’est vraiment le cas de le dire, est de savoir si, oui ou non, il existe un rapport, dans l’islam, entre la pratique d’une activité professionnelle et la foi religieuse vécue. Il est plus facile, dans l’état actuel des choses, de se décider pour l’absence d’un tel rapport, du moins dans sa signification rendue incontournable par les historiens et sociologues du protestantisme. On parle pourtant de plus en plus, depuis un moment, tantôt d’un « islam de marché », tantôt d’un « islam protestant », pour assurer que l’islam est, en fin de compte, capable de dynamisme économique. Cette affirmation est naturellement hors de doute. Mais elle ne répond pas à la question posée. Le présent article n’entend pas y répondre non plus. Il suggère seulement une piste, suivant laquelle l’idée d’une connexion entre la profession et la foi existe en Islam. Et pour tout dire, Max Weber lui-même l’avait pressentie. | ||
| 520 | _aDetermining whether or not there is a relationship, in Islam, between the practice of a professional activity and the lived religious faith, is a really challenging task. As it stands, it is easier to conclude that such a relationship does not exist, at least as historians and sociologists of Protestantism have defined it. For some time now, however, we have been hearing more and more about “market Islam” and “Protestant Islam,” to ensure that Islam is ultimately capable of economic dynamism. This assertion is, of course, beyond doubt. But it does not answer the question posed. Nor is this the purpose of this article. It merely suggests that the idea of a connection between profession and faith exists in Islam. In fact, Max Weber himself foresaw it. | ||
| 690 | _aascétisme | ||
| 690 | _aergophilie | ||
| 690 | _aḫāriǧisme | ||
| 690 | _aibāḍisme | ||
| 690 | _aislam | ||
| 690 | _aprofession | ||
| 690 | _aprotestantisme | ||
| 690 | _apuritanisme | ||
| 690 | _asainteté | ||
| 690 | _ašarḥ al-ṣadr | ||
| 690 | _atravail | ||
| 690 | _avocation | ||
| 690 | _aWeber (Max) | ||
| 690 | _aʿamal | ||
| 690 | _aasceticism | ||
| 690 | _acalling | ||
| 690 | _aergophily | ||
| 690 | _aḫāriǧism | ||
| 690 | _aibāḍism | ||
| 690 | _aprofession | ||
| 690 | _aProtestantism | ||
| 690 | _aPuritanism | ||
| 690 | _asainthood | ||
| 690 | _ašarḥ al-ṣadr | ||
| 690 | _aWeber (Max) | ||
| 690 | _awork | ||
| 690 | _aʿamal | ||
| 786 | 0 | _nRevue européenne des sciences sociales | 62-1 | 1 | 2024-05-23 | p. 219-241 | 0048-8046 | |
| 856 | 4 | 1 | _uhttps://shs.cairn.info/revue-europeenne-des-sciences-sociales-2024-1-page-219?lang=fr&redirect-ssocas=7080 |
| 999 |
_c1638419 _d1638419 |
||